00706 2200193 4500001002100000005001700021008004100038035002400079040001200103082001300115090002200128100001800150245011400168260011100282300004200393504002600435650003300461990001800494YOGYA-0113000000197220130131134816.0 ind  0010-011300000001972 aYOPDYOG a658.4038 aSK 658.4038 Rah K aRAHAYU SLAMET aKomputerisasi pengolahan data obat pada bagian gudang di RSUD Wates Kulon Progo Yogyakarta/oleh Rahayu Slamet ayogyakarta:b/jurusan Manajemen Informatika Akademi Manajemen Informatika dan Komputer Kartika Yani,c2000 axii,64,(10)lbr.:bilus.,lamp.;c29 cm abibliografi :(lbr.65) asistem informasi - manajemen a43035-PD/A-12